Provincial Politics and Indian Nationalism : (Record no. 609295)

MARC details
000 -LEADER
fixed length control field 00525nam a2200193 a 4500
008 - FIXED-LENGTH DATA ELEMENTS--GENERAL INFORMATION
fixed length control field 260127s1974##################000#0#eng##
020 ## - INTERNATIONAL STANDARD BOOK NUMBER
ISBN 9780521202596
082 04 - DEWEY DECIMAL CLASSIFICATION NUMBER
Classification number 304.60932
Item number BAG
100 1# - MAIN ENTRY--AUTHOR NAME
Personal name Johnson, Gordon,
245 10 - TITLE STATEMENT
Title Provincial Politics and Indian Nationalism :
260 ## - PUBLICATION, DISTRIBUTION, ETC. (IMPRINT)
Name of publisher Cambridge University Press,
Year of publication 1974.
300 ## - PHYSICAL DESCRIPTION
Number of Pages 217 pages
650 #0 - SUBJECT ADDED ENTRY--TOPICAL TERM
Topical Term History.
942 ## - ADDED ENTRY ELEMENTS (KOHA)
Koha item type English Books
Holdings
Withdrawn status Lost status Damaged status Not for loan Home library Current library Shelving location Date acquired Full call number Accession Number Price effective from Koha item type
        Anna Centenary Library Anna Centenary Library 3RD FLOOR, B WING 28.01.2026 304.60932 BAG 234688 28.01.2026 English Books

Find us on the map